Seleções eliminadas na primeira fase da Copa do Mundo da FIFA - Statistics

Estatísticas Gerais
  • Esse quiz foi jogado 55 vezes
  • A pontuação média é 209 de 238
Estatísticas das Respostas
Edição Seleção % Correto
Catar 2022 | França 1938 | Rússia 2018 Alemanha
96%
Alemanha 2006 | Brasil 2014 | Estados Unidos 1994 | +5 others Coreia do Sul
96%
Argentina 1978 | Brasil 2014 | Chile 1962 | +2 others Espanha
96%
Argentina 1978 | Coreia do Sul e Japão 2002 | Inglaterra 1966 | +4 others França
96%
Brasil 1950 | Brasil 2014 | Suécia 1958 Inglaterra
96%
Argentina 1978 | Brasil 1950 | Catar 2022 | +5 others México
96%
Brasil 2014 | Coreia do Sul e Japão 2002 | México 1986 Portugal
96%
Alemanha Ocidental 1974 | Catar 2022 | Chile 1962 | Coreia do Sul e Japão 2002 Uruguai
96%
Alemanha 2006 | Catar 2022 | Coreia do Sul e Japão 2002 | +2 others Arábia Saudita
93%
França 1938 | França 1998 | Itália 1990 | Suécia 1958 Áustria
93%
Catar 2022 | França 1938 | França 1998 | +4 others Bélgica
93%
Brasil 2014 | Catar 2022 | Coreia do Sul e Japão 2002 | +4 others Camarões
93%
Alemanha Ocidental 1974 | Brasil 1950 | Espanha 1982 | +2 others Chile
93%
Coreia do Sul e Japão 2002 China
93%
Alemanha 2006 | Catar 2022 | Coreia do Sul e Japão 2002 | Rússia 2018 Costa Rica
93%
Alemanha 2006 | Argentina 1978 | Brasil 2014 | +3 others Irã
93%
Alemanha 2006 | Brasil 2014 | França 1998 Japão
93%
Estados Unidos 1994 | França 1998 | México 1970 | Rússia 2018 Marrocos
93%
Estados Unidos 1994 | França 1938 Noruega
93%
Alemanha 2006 | Brasil 1950 | Suécia 1958 | Uruguai 1930 Paraguai
93%
Brasil 2014 | Coreia do Sul e Japão 2002 | Estados Unidos 1994 Rússia
93%
Brasil 1950 | Chile 1962 | Inglaterra 1966 | África do Sul 2010 Suíça
93%
Inglaterra 1966 | Itália 1934 | Uruguai 1930 Brasil
91%
Catar 2022 | México 1986 Canadá
91%
Catar 2022 | África do Sul 2010 Dinamarca
91%
França 1938 | Itália 1934 Holanda
91%
Alemanha Ocidental 1974 | Brasil 1950 | Brasil 2014 | +4 others Itália
91%
Alemanha 2006 | Coreia do Sul e Japão 2002 | França 1938 | Rússia 2018 Polônia
91%
Alemanha 2006 | Argentina 1978 | Catar 2022 | +3 others Tunísia
91%
Espanha 1982 | México 1986 | África do Sul 2010 Argélia
89%
Brasil 2014 | Espanha 1982 | África do Sul 2010 Honduras
89%
Coreia do Sul e Japão 2002 | Rússia 2018 | África do Sul 2010 Nigéria
89%
Argentina 1978 | Itália 1990 | México 1970 Suécia
89%
Suíça 1954 Turquia
89%
Itália 1990 União Soviética
89%
Alemanha Ocidental 1974 | Chile 1962 | França 1998 | +2 others Bulgária
87%
Itália 1934 | Itália 1990 | Rússia 2018 Egito
87%
Espanha 1982 | México 1970 El Salvador
87%
Brasil 2014 | Catar 2022 | Coreia do Sul e Japão 2002 Equador
87%
Estados Unidos 1994 | África do Sul 2010 Grécia
87%
Espanha 1982 | África do Sul 2010 Nova Zelândia
87%
Catar 2022 | Rússia 2018 | África do Sul 2010 Sérvia
87%
Alemanha 2006 Sérvia e Montenegro
87%
Alemanha Ocidental 1974 | Brasil 2014 | Rússia 2018 | África do Sul 2010 Austrália
84%
Catar 2022 Catar
84%
África do Sul 2010 Coreia do Norte
84%
Alemanha 2006 | Brasil 2014 | Coreia do Sul e Japão 2002 Croácia
84%
Alemanha Ocidental 1974 | Argentina 1978 | Espanha 1982 | +5 others Escócia
84%
Brasil 2014 | Catar 2022 Gana
84%
México 1986 Irlanda do Norte
84%
Espanha 1982 | Rússia 2018 | Uruguai 1930 Peru
84%
Chile 1962 | Estados Unidos 1994 | França 1998 Colômbia
82%
Alemanha 2006 | Brasil 2014 | África do Sul 2010 Costa do Marfim
82%
Alemanha 2006 | Brasil 1950 | França 1998 | +2 others Estados Unidos
82%
México 1986 Iraque
82%
Rússia 2018 Islândia
82%
México 1970 Israel
82%
Alemanha 2006 República Tcheca
82%
Rússia 2018 Senegal
82%
Alemanha Ocidental 1974 Zaire
82%
Coreia do Sul e Japão 2002 | França 1998 | África do Sul 2010 África do Sul
80%
Brasil 1950 | Estados Unidos 1994 | Uruguai 1930 Bolívia
80%
Alemanha Ocidental 1974 Haiti
80%
Brasil 1950 | Espanha 1982 Iugoslávia
80%
França 1938 | Itália 1934 | México 1970 | Uruguai 1930 Romênia
80%
Alemanha 2006 Angola
76%
França 1938 Índias Orientais Neerlandesas (Indonésia)
76%
Alemanha 2006 Togo
76%
Chile 1962 | Coreia do Sul e Japão 2002 | Itália 1934 | Suécia 1958 Argentina
73%
Itália 1990 Emirados Árabes Unidos
73%
Coreia do Sul e Japão 2002 | África do Sul 2010 Eslovênia
73%
Argentina 1978 | Espanha 1982 | México 1986 | Suécia 1958 Hungria
73%
Rússia 2018 Panamá
73%
Brasil 2014 Bósnia e Herzegovina
71%
França 1998 Jamaica
71%
Alemanha 2006 Trinidad e Tobago
71%
Espanha 1982 | México 1970 | Suécia 1958 | Suíça 1954 Tchecoslováquia
67%
Catar 2022 País de Gales
64%
Espanha 1982 Kuwait
60%
Nenhum quiz correspondente encontrado
Distribuição das Pontuações
Porcentagem de Pessoas com Cada Pontuação
Percentil de Números Respondidos
Sua Pontuação Histórica
Você não jogou esse quiz